[Event "Tournoi francophone 002 Groupe B"]
[Site "Skype"]
[Date "????.??.??"]
[Round "6.4"]
[White "Malbec, Robert"]
[Black "Thoune, Jim"]
[Result "0-1"]
[WhiteElo "1500"]
[BlackElo "1562"]
[PlyCount "78"]

1. e4 g6 2. Nf3 Bg7 3. d4 d6 4. Bc4 e6 5. Be3 Ne7 6. c3 O-O 7. O-O a6 8. Nbd2
Nd7 9. Re1 b5 10. Bd3 c5 11. Qc1 Bb7 12. Nf1 f5 13. Bh6 e5 14. Bxg7 Kxg7 15.
Ng5 Rf6 16. d5 Nf8 17. Qe3 f4 18. Qh3 Bc8 19. Qh4 h6 20. Nh3 g5 21. Qh5 g4 22.
Nxf4 Rxf4 23. g3 Rf6 24. Ne3 Rg6 25. Be2 Rg5 26. Qh4 Nfg6 27. Qxg5 hxg5 28.
Nxg4 Bxg4 29. Bxg4 Ra7 30. Kg2 Ng8 31. Rh1 Nh6 32. Be6 Qf6 33. h3 Nf8 34. Rh2
Nxe6 35. dxe6 Qxe6 36. Rah1 Rf7 37. b3 Qf6 38. Rf1 Qf3+ 39. Kg1 Qxe4 0-1

[Event "Tournoi francophone 002 Groupe B"]
[Site "Skype"]
[Date "????.??.??"]
[Round "6.5"]
[White "Fouquereau, Andre"]
[Black "L'Herbon De Lussats, Jean"]
[Result "1-0"]
[WhiteElo "1452"]
[BlackElo "1454"]
[PlyCount "133"]

1. e4 c5 2. c3 e5 3. Nf3 Nc6 4. Bb5 a6 5. Bxc6 bxc6 6. Nxe5 Qc7 7. Nf3 d5 8. e5
d4 9. cxd4 cxd4 10. O-O c5 11. d3 Ne7 12. Bg5 Ng6 13. Re1 Be7 14. Nbd2 O-O 15.
Rc1 Bxg5 16. Nxg5 Nxe5 17. Nde4 Ng4 18. Nf3 Qb6 19. Rxc5 Qxb2 20. Re2 Qb4 21.
Rec2 Bb7 22. h3 Bxe4 23. R5c4 Bxf3 24. Qxf3 Ne5 25. Rxb4 Nxf3+ 26. gxf3 Rfd8
27. Rcc4 a5 28. Ra4 h6 29. Rxd4 Re8 30. Kf1 Ra6 31. Rd5 Ree6 32. Raxa5 Rab6 33.
Rab5 Ra6 34. Rb2 Rac6 35. f4 Rc1+ 36. Kg2 Rg6+ 37. Kf3 Re6 38. a4 Rg1 39. a5 g6
40. Ra2 f5 41. a6 Re8 42. Rd7 h5 43. a7 h4 44. a8=Q Kf8 45. Re2 Rxa8 46. Rh7
Ra3 47. Ke3 g5 48. fxg5 Rxg5 49. Rxh4 Kf7 50. Kf4 Kf6 51. Rh6+ Rg6 52. Rxg6+
Kxg6 53. Re3 Ra2 54. Kf3 Ra4 55. Kg2 f4 56. Re4 Rxe4 57. dxe4 Kg5 58. Kf3 Kh4
59. Kxf4 Kh5 60. Kf5 Kh6 61. e5 Kg7 62. e6 Kh7 63. Kf6 Kh8 64. e7 Kg8 65. e8=Q+
Kh7 66. Qf7+ Kh8 67. Qg7# 1-0

[Event "Tournoi francophone 002 Groupe B"]
[Site "Skype"]
[Date "????.??.??"]
[Round "7.1"]
[White "L'Herbon De Lussats, Jean"]
[Black "Duthoit, Bernard"]
[Result "1/2-1/2"]
[WhiteElo "1454"]
[BlackElo "1585"]
[PlyCount "86"]

1. e4 e6 2. c4 Nc6 3. d4 e5 4. d5 Nce7 5. Nf3 d6 6. Nc3 Ng6 7. Be2 Nf6 8. O-O
Bd7 9. b4 c6 10. a4 cxd5 11. cxd5 Be7 12. Ba3 O-O 13. b5 Nf4 14. g3 Nxe2+ 15.
Qxe2 Bg4 16. Rac1 Rc8 17. Rc2 Rc4 18. Qxc4 Bxf3 19. Qd3 Bg4 20. f4 Bh3 21. Rf3
Ng4 22. fxe5 Qb6+ 23. Kh1 Nxe5 24. Qe2 Nxf3 25. Qxf3 Rc8 26. g4 Bf6 27. Qxh3
Rxc3 28. Rxc3 Bxc3 29. Qxc3 g6 30. Bb2 Kf8 31. Qg7+ Ke8 32. Qg8+ Ke7 33. Kg2
Qe3 34. Qg7 Qxe4+ 35. Kg3 Qe3+ 36. Kh4 Qf2+ 37. Kh3 Qf3+ 38. Kh4 Qf2+ 39. Kg5
Qe3+ 40. Kh4 Qf2+ 41. Kh3 Qf3+ 42. Kh4 Qf2+ 43. Kg5 Qe3+ 1/2-1/2

[Event "Tournoi francophone 002 Groupe B"]
[Site "Skype"]
[Date "????.??.??"]
[Round "7.2"]
[White "Thoune, Jim"]
[Black "Fouquereau, Andre"]
[Result "1-0"]
[WhiteElo "1562"]
[BlackElo "1452"]
[PlyCount "67"]

1. d4 d5 2. Nf3 c6 3. e3 Nf6 4. c4 e6 5. Nc3 Be7 6. Bd3 Nbd7 7. O-O Qc7 8. Bd2
O-O 9. Rc1 c5 10. cxd5 exd5 11. dxc5 Nxc5 12. Bb1 Qb8 13. b4 Nce4 14. Nb5 Nxd2
15. Qxd2 Bd6 16. Nxd6 Qxd6 17. Qd4 h6 18. h3 Be6 19. Rfd1 b6 20. e4 Qd8 21. e5
Nd7 22. Qd3 f5 23. a3 Rf7 24. Ba2 Nf8 25. Nd4 Rc8 26. Nxe6 Nxe6 27. Rxc8 Qxc8
28. Qxd5 Kf8 29. Qxe6 Qxe6 30. Bxe6 Re7 31. Rd8+ Re8 32. Rxe8+ Kxe8 33. Bxf5
Ke7 34. f4 1-0

[Event "Tournoi francophone 002 Groupe B"]
[Site "Skype"]
[Date "????.??.??"]
[Round "7.3"]
[White "Sauvaget, Joel"]
[Black "Malbec, Robert"]
[Result "1-0"]
[WhiteElo "1561"]
[BlackElo "1500"]
[PlyCount "95"]

1. d4 d5 2. Nf3 Bg4 3. e3 Nf6 4. Be2 e6 5. h3 Bf5 6. Nbd2 Bb4 7. c3 Be7 8. Ne5
O-O 9. Ndf3 h6 10. O-O Nbd7 11. Nxd7 Qxd7 12. Ne5 Qe8 13. Bd3 Bxd3 14. Qxd3 Bd6
15. Nf3 c6 16. Re1 Ne4 17. Nd2 Nf6 18. e4 dxe4 19. Nxe4 Qd8 20. Nxd6 Qxd6 21.
Re5 Nd7 22. Rh5 Nf6 23. Re5 Nd7 24. Rh5 f5 25. Rh4 Nf6 26. Bf4 Qe7 27. Be5 Ne4
28. g3 Rf7 29. Re1 Kh7 30. Rexe4 fxe4 31. Qxe4+ g6 32. Qe3 g5 33. Rh5 Raf8 34.
Qe4+ Rf5 35. g4 Qf7 36. Rxh6+ Kxh6 37. gxf5 Qxf5 38. Qe3 Qf3 39. Qxf3 Rxf3 40.
Kg2 Rxh3 41. Kxh3 Kh5 42. f3 g4+ 43. fxg4+ Kg5 44. Kg3 a6 45. a3 b6 46. b4 a5
47. bxa5 bxa5 48. a4 1-0

[Event "Tournoi francophone 002 Groupe B"]
[Site "Skype"]
[Date "????.??.??"]
[Round "7.4"]
[White "Megelas, Florent"]
[Black "Rochette, Mathieu"]
[Result "0-1"]
[WhiteElo "1705"]
[BlackElo "1604"]
[PlyCount "34"]

1. e4 c5 2. Nf3 d6 3. d4 cxd4 4. Nxd4 Nf6 5. Nc3 Bd7 6. b3 e6 7. Bb2 Be7 8. Bb5
Bxb5 9. Ndxb5 Nc6 10. Ba3 Nxe4 11. Nxe4 Qa5+ 12. Nec3 a6 13. Nxd6+ Bxd6 14.
Bxd6 Qxc3+ 15. Ke2 Rd8 16. Qd3 Nd4+ 17. Kd1 Qxa1+ 0-1

[Event "Tournoi francophone 002 Groupe B"]
[Site "Skype"]
[Date "????.??.??"]
[Round "7.5"]
[White "Briere, Jean"]
[Black "Legueltel, Daniel"]
[Result "0-1"]
[WhiteElo "1487"]
[BlackElo "1737"]
[PlyCount "120"]

1. e4 e5 2. Nf3 Nf6 3. Nxe5 d6 4. Nf3 Nxe4 5. Qe2 Qe7 6. d4 d5 7. Be3 Nc6 8.
Nbd2 Bg4 9. h3 Bh5 10. a3 Nxd2 11. Bxd2 Bxf3 12. Qxe7+ Bxe7 13. gxf3 Nxd4 14.
O-O-O O-O-O 15. Bg2 c6 16. Rhe1 Ne6 17. h4 Bc5 18. Be3 Rhe8 19. Bh3 Bb6 20. Re2
Kc7 21. Bxb6+ Kxb6 22. Bxe6 Rxe6 23. Rxe6 fxe6 24. f4 Kc5 25. h5 Rf8 26. Re1
Kd6 27. Rg1 Rf7 28. Kd2 c5 29. Ke3 b5 30. c3 a5 31. Rg4 Rb7 32. Kd3 Rf7 33. Ke3
Ke7 34. Rg5 Kf6 35. Re5 Re7 36. b3 Rb7 37. Kd3 b4 38. axb4 axb4 39. c4 Rd7 40.
f3 dxc4+ 41. Kxc4 Rd4+ 42. Kb5 Rxf4 43. Rxc5 Rh4 44. Rc4 Rxh5+ 45. Kxb4 Rf5 46.
f4 h5 47. Ka4 h4 48. b4 h3 49. Rc1 Rxf4 50. Rh1 Rh4 51. Ka5 g5 52. b5 g4 53. b6
g3 54. b7 Rh8 55. Ka6 g2 56. Rxh3 Rxh3 57. b8=Q Ra3+ 58. Kb7 Rb3+ 59. Kc7 Rxb8
60. Kxb8 g1=Q 0-1

[Event "Tournoi francophone 002 Groupe B"]
[Site "Skype"]
[Date "????.??.??"]
[Round "8.1"]
[White "Duthoit, Bernard"]
[Black "Legueltel, Daniel"]
[Result "0-1"]
[WhiteElo "1585"]
[BlackElo "1737"]
[PlyCount "84"]

1. e4 c5 2. Nf3 d6 3. d4 cxd4 4. Nxd4 Nf6 5. Nc3 Nc6 6. Bb5 Bd7 7. Nxc6 Bxc6 8.
Bxc6+ bxc6 9. O-O g6 10. Re1 Bg7 11. Bd2 O-O 12. Qc1 Re8 13. Bh6 Bh8 14. a3 Qc7
15. Rb1 Rab8 16. Bf4 e5 17. Be3 d5 18. Bc5 d4 19. Na4 Qa5 20. b3 Nd7 21. Bb4
Qc7 22. c3 c5 23. cxd4 exd4 24. Nxc5 Nxc5 25. Bxc5 Be5 26. g3 Qd7 27. f4 d3 28.
Bb4 Rxb4 29. Qd2 Bd4+ 30. Kg2 Rb6 31. Qxd3 Rd6 32. e5 Rd5 33. Qc2 Rc8 34. Qe4
Bb6 35. e6 Rd2+ 36. Kh3 fxe6 37. Qxe6+ Qxe6+ 38. Rxe6 Rcc2 39. Kg4 Kf7 40. f5
gxf5+ 41. Kxf5 Rf2+ 42. Kg4 Kxe6 0-1

[Event "Tournoi francophone 002 Groupe B"]
[Site "Skype"]
[Date "????.??.??"]
[Round "8.2"]
[White "Rochette, Mathieu"]
[Black "Briere, Jean"]
[Result "1-0"]
[WhiteElo "1604"]
[BlackElo "1487"]
[PlyCount "107"]

1. d4 d5 2. c4 e6 3. Nf3 Nc6 4. Nc3 Nf6 5. Bg5 Bb4 6. e3 O-O 7. cxd5 exd5 8.
Bd3 h6 9. Bh4 Re8 10. O-O Be7 11. Qb3 g5 12. Bg3 a6 13. Ne5 Bd6 14. f4 gxf4 15.
Bxf4 Bxe5 16. dxe5 Nxe5 17. Ne2 Nxd3 18. Qxd3 h5 19. Bg5 Re6 20. Nf4 Re5 21.
Nxh5 Rxg5 22. Nxf6+ Kf8 23. Nh7+ Kg7 24. Nxg5 Qxg5 25. Qd4+ f6 26. Rf3 Qe5 27.
Rg3+ Kf7 28. Qxe5 fxe5 29. Rf1+ Ke7 30. Rg7+ Kd6 31. Rf8 b6 32. h4 Bb7 33. Rxa8
Bxa8 34. h5 d4 35. exd4 exd4 36. Kf2 c5 37. h6 Be4 38. Ke2 Kd5 39. h7 Bxh7 40.
Rxh7 c4 41. b4 c3 42. g4 Kc4 43. g5 d3+ 44. Kd1 c2+ 45. Kd2 Kxb4 46. g6 Ka3 47.
g7 Kb2 48. Rh1 Kxa2 49. g8=Q+ Kb2 50. Qg7+ Kb3 51. Qc3+ Ka4 52. Qb2 c1=Q+ 53.
Rxc1 b5 54. Ra1# 1-0

[Event "Tournoi francophone 002 Groupe B"]
[Site "Skype"]
[Date "????.??.??"]
[Round "8.3"]
[White "Malbec, Robert"]
[Black "Megelas, Florent"]
[Result "0-1"]
[WhiteElo "1500"]
[BlackElo "1705"]
[PlyCount "104"]

1. e4 e5 2. Nf3 Nc6 3. Bc4 Bc5 4. c3 d6 5. d4 exd4 6. cxd4 Bb6 7. Ng5 Nh6 8.
Nf3 Ng4 9. h3 Nf6 10. Nc3 Qe7 11. Bg5 h6 12. Bxf6 Qxf6 13. Nd5 Ba5+ 14. Ke2 Qg6
15. Qd3 O-O 16. Rhg1 Re8 17. e5 Qxd3+ 18. Kxd3 Bf5+ 19. Ke3 dxe5 20. dxe5 Nxe5
21. Nxe5 Rxe5+ 22. Kf4 Rae8 23. b4 Bb6 24. Nxb6 axb6 25. f3 g5+ 26. Kg3 Be6 27.
Bxe6 R8xe6 28. Rgd1 Kg7 29. a3 c5 30. b5 c4 31. a4 c3 32. Rdc1 Rc5 33. Ra2 c2
34. Kf2 Kf6 35. Rb2 Ke7 36. Rcxc2 Ree5 37. Re2 Rxe2+ 38. Rxe2+ Kd6 39. Re4 f5
40. Rd4+ Rd5 41. Rc4 f4 42. Re4 Rd2+ 43. Kg1 Ra2 44. Rc4 Kd5 45. Re4 Kc5 46.
Re6 Rxa4 47. Rxh6 Kxb5 48. Rh5 Kc4 49. Rxg5 b5 50. h4 b4 51. h5 b3 52. Rg6 b2
0-1

[Event "Tournoi francophone 002 Groupe B"]
[Site "Skype"]
[Date "????.??.??"]
[Round "8.4"]
[White "Fouquereau, Andre"]
[Black "Sauvaget, Joel"]
[Result "1-0"]
[WhiteElo "1452"]
[BlackElo "1561"]
[PlyCount "45"]

1. e4 c5 2. c3 d6 3. Nf3 Nf6 4. g3 Nxe4 5. Qa4+ Nc6 6. Qxe4 e6 7. Bg2 Be7 8.
O-O h6 9. Rd1 O-O 10. d4 d5 11. Qc2 c4 12. Bf4 Bf6 13. Na3 a6 14. Qc1 Ne7 15.
Ne5 Nf5 16. Ng4 Re8 17. Nxf6+ Qxf6 18. Nc2 Bd7 19. Ne3 Ne7 20. Ng4 Qg6 21. Ne5
Qf5 22. Nxd7 g5 23. Be5 1-0

[Event "Tournoi francophone 002 Groupe B"]
[Site "Skype"]
[Date "????.??.??"]
[Round "8.5"]
[White "L'Herbon De Lussats, Jean"]
[Black "Thoune, Jim"]
[Result "0-1"]
[WhiteElo "1454"]
[BlackElo "1562"]
[PlyCount "64"]

1. e4 g6 2. d4 d6 3. Nf3 Bg7 4. c4 c6 5. Nc3 Nd7 6. Qc2 e6 7. d5 e5 8. Bg5 Ne7
9. Be2 O-O 10. O-O f6 11. Be3 c5 12. a3 a6 13. b4 b6 14. b5 a5 15. Na4 f5 16.
Ng5 Nf6 17. f4 Nxe4 18. Nxe4 fxe4 19. Rad1 Nf5 20. Qxe4 Nxe3 21. Qxe3 Bf5 22.
Bd3 e4 23. Bc2 Re8 24. h3 Ra7 25. g4 Bc8 26. f5 gxf5 27. gxf5 Bd4 28. Rde1 Qg5+
29. Kh2 Bxe3 30. Nc3 Rg7 31. Bxe4 Qg3+ 32. Kh1 Qxh3# 0-1

[Event "Tournoi francophone 002 Groupe B"]
[Site "Skype"]
[Date "????.??.??"]
[Round "9.1"]
[White "Thoune, Jim"]
[Black "Duthoit, Bernard"]
[Result "1-0"]
[WhiteElo "1562"]
[BlackElo "1585"]
[PlyCount "94"]

1. d4 e5 2. dxe5 Nc6 3. Nf3 Qe7 4. a3 Nxe5 5. e3 b6 6. Be2 Bb7 7. O-O Qf6 8.
Nxe5 Qxe5 9. Nd2 Nf6 10. Nf3 Qd6 11. Nd4 g6 12. Bf3 c6 13. Qe2 Qc7 14. e4 d6
15. h3 Bg7 16. c3 O-O 17. Bf4 Rfe8 18. Rfe1 Qd7 19. e5 Nd5 20. Bxd5 cxd5 21. e6
fxe6 22. Qg4 Bxd4 23. cxd4 Qe7 24. Bg5 Qf7 25. Re2 Bc8 26. Qg3 Qf5 27. Rc1 Ba6
28. Rec2 Bc4 29. Be3 e5 30. dxe5 dxe5 31. Bd2 Rac8 32. b3 Bxb3 33. Qxb3 Kg7 34.
Rc7+ Rxc7 35. Rxc7+ Kg8 36. Qxd5+ Qe6 37. Qxe6+ Rxe6 38. Rxa7 e4 39. Bh6 Re8
40. Rg7+ Kh8 41. Rb7 Kg8 42. Rxb6 Ra8 43. Re6 Rxa3 44. Rxe4 Kf7 45. Bg5 Ra7 46.
f3 Kg7 47. Re7+ Kg8 1-0

[Event "Tournoi francophone 002 Groupe B"]
[Site "Skype"]
[Date "????.??.??"]
[Round "9.2"]
[White "Sauvaget, Joel"]
[Black "L'Herbon De Lussats, Jean"]
[Result "1/2-1/2"]
[WhiteElo "1561"]
[BlackElo "1454"]
[PlyCount "75"]

1. d4 Nf6 2. Nf3 g6 3. Bg5 Bg7 4. c3 O-O 5. e3 b6 6. Be2 Bb7 7. O-O c5 8. dxc5
bxc5 9. Na3 a6 10. Bxf6 Bxf6 11. Qc2 d5 12. Rad1 Qc7 13. h3 Nd7 14. Rd2 Ne5 15.
Qd1 e6 16. Nc2 c4 17. Nce1 a5 18. Nxe5 Bxe5 19. Nf3 a4 20. a3 Bc6 21. Nxe5 Qxe5
22. Bf3 Rab8 23. Qe2 Rb3 24. Rfd1 f5 25. Rd4 Rfb8 26. R1d2 R8b6 27. g3 Qb8 28.
e4 fxe4 29. Bg4 Kf7 30. Qe3 Rxb2 31. Qh6 Qh8 32. Qf4+ Qf6 33. Qc7+ Qe7 34. Qf4+
Kg7 35. Qe5+ Kf7 36. Qf4+ Qf6 37. Qc7+ Qe7 38. Qf4+ 1/2-1/2

[Event "Tournoi francophone 002 Groupe B"]
[Site "Skype"]
[Date "????.??.??"]
[Round "9.3"]
[White "Megelas, Florent"]
[Black "Fouquereau, Andre"]
[Result "1-0"]
[WhiteElo "1705"]
[BlackElo "1452"]
[PlyCount "60"]

1. e4 e5 2. Nf3 d6 3. d4 exd4 4. Nxd4 Nf6 5. Nc3 c6 6. b3 Be7 7. Bb2 Nbd7 8.
Bd3 Ne5 9. O-O Bg4 10. Be2 Bxe2 11. Qxe2 O-O 12. Nf5 Qd7 13. Rad1 Qe6 14. Nxe7+
Qxe7 15. f4 Ng6 16. Rf3 Rfe8 17. Re1 Nh5 18. g3 Rad8 19. Re3 Nhxf4 20. gxf4
Nxf4 21. Qg4 Ng6 22. Ne2 Ne5 23. Bxe5 dxe5 24. Ng3 Rd6 25. Nf5 Qf6 26. Nxd6
Qxd6 27. Rd3 Qc5+ 28. Kh1 Qf2 29. Red1 Qf6 30. Qd7 h5 1-0

[Event "Tournoi francophone 002 Groupe B"]
[Site "Skype"]
[Date "????.??.??"]
[Round "9.4"]
[White "Briere, Jean"]
[Black "Malbec, Robert"]
[Result "1-0"]
[WhiteElo "1487"]
[BlackElo "1500"]
[PlyCount "75"]

1. d4 d5 2. c4 e6 3. Nf3 Nf6 4. Nc3 c6 5. c5 Be7 6. e3 O-O 7. Bd3 b5 8. b4 Nbd7
9. O-O Re8 10. Qc2 h6 11. e4 dxe4 12. Nxe4 Nxe4 13. Bxe4 Qc7 14. Re1 Nf6 15.
Bd3 Bd7 16. g3 Kh8 17. Ne5 Rf8 18. Bf4 Qd8 19. Qd2 g5 20. Nxd7 Qxd7 21. Be5 Kg8
22. Bc2 Ng4 23. Qd3 f5 24. h3 Nxe5 25. Rxe5 Bf6 26. Re2 Rae8 27. Rd1 Ra8 28. g4
Bg7 29. f3 Rae8 30. Kg2 Qf7 31. gxf5 Qxf5 32. Qxf5 Rxf5 33. Bxf5 e5 34. Bg6 Rd8
35. Rd3 exd4 36. Re8+ Rxe8 37. Bxe8 Kf8 38. Bxc6 1-0

[Event "Tournoi francophone 002 Groupe B"]
[Site "Skype"]
[Date "????.??.??"]
[Round "9.5"]
[White "Legueltel, Daniel"]
[Black "Rochette, Mathieu"]
[Result "1/2-1/2"]
[WhiteElo "1737"]
[BlackElo "1604"]
[PlyCount "45"]

1. d4 Nf6 2. c4 e6 3. Nc3 Bb4 4. Qc2 d5 5. cxd5 exd5 6. Bd2 O-O 7. e3 Qe7 8.
Be2 b6 9. Nf3 Bb7 10. O-O Nbd7 11. a3 Bxc3 12. Bxc3 c5 13. dxc5 Nxc5 14. Rad1
Rac8 15. Bxf6 Qxf6 16. b4 Ne4 17. Qb3 Nc3 18. Rd2 Nxe2+ 19. Rxe2 Rc3 20. Qb2
Rfc8 21. Nd4 a6 22. Rd1 R3c7 23. Qa2 1/2-1/2